| 000 | 00664am a2200241a 44500 | ||
|---|---|---|---|
| 005 | 20160526181557.0 | ||
| 008 | 150908b xxu||||| |||| 00| 0 spa d | ||
| 041 | _aES | ||
| 082 |
_a658 _bC614c |
||
| 245 | _aClásicos Harvard de la Administración | ||
| 260 |
_aMéxico _bEducar Cultural Recreativa _c1986 |
||
| 300 | _a100 páginas | ||
| 500 | _aVolumen 2 | ||
| 650 |
_aADMINISTRACION DE EMPRESAS _9521 |
||
| 650 |
_aLIDERAZGO _922 |
||
| 650 |
_aMERCADOTECNIA _9800 |
||
| 650 |
_aADMINISTRACION DE OBJETOS _910530 |
||
| 650 |
_aJUNTAS _91540 |
||
| 650 |
_aCONTROL DE CALIDAD _9946 |
||
| 650 |
_aMOTIVACION _910531 |
||
| 650 |
_aINVERSION _97184 |
||
| 942 | _cBK | ||
| 999 |
_c795 _d795 |
||